Un groupe Ultras, Un Club - Version Europe - Statistiques

Statistiques générales
  • Ce quiz a été pris 125 fois
  • Le résultat moyen est 10 sur 15
Statistiques - réponses
Ultras Club % Correct
Curva Sud AC Milan
94%
Le Mur Jaune BVB
91%
Curva Nord Internazionale
85%
Legia Ultras Legia Varsovie
75%
Torcida Hajduk Split
73%
Originals 21 AEK Athènes
72%
Galatasaray Sk
64%
Ultras Inferno 96 Standard De Liège
60%
SüdKurve Bayern Münich
59%
Bad Blue Boys Dinamo Zagreb
57%
Delije Etoile Rouge Belgrade
56%
Gate 7 Olympiakos
49%
Grobari Partizan Belgrade
48%
Gate 13 Panathinaïkos
45%
Fenerbahçe
42%
Aucun quiz correspondant
Distribution des résultats
% des personnes avec chaque résultat
Percentile par nombre de réponses
Votre historique - résultats
Vous n’avez pas pris ce quiz